00822nam a2200193 a 450000100100000000500170001000800410002702000150006804000250008310000400010824500840014826000500023230000210028250000210030359000760032470000330040095201780043399900170061100003487820200930073947.0111021s1977 xxu 000 0 spa d a0915132109 aDO-SdBNPbspacBNPHU1 aEknath, Easwaran,d1910-199996043210aThe mantram handbook /cEaswaran E nath ; introduction by Richard B. Applegate. aCalifornia :bNilgiri Press, Berkeley,c1977. a260 p. ;c19 cm. aIncluye índice aPerteneció a la biblioteca personal de Juan Isidro Jimenes Grullón.12aApplegate, Richard B.960433 001050718MOaGRbGRcHDd2011-10-21iLF1l0o p34878-10r2020-06-25w2020-06-25y1zPerteneció a la biblioteca personal de Juan Isidro Jimenes Grullón.ZNo se presta c34369d34369